| 000 | 00583nam a22001577a 4500 | ||
|---|---|---|---|
| 003 | sslc0264 | ||
| 005 | 20191128122707.0 | ||
| 008 | 191128b xxu||||| |||| 00| 0 eng d | ||
| 100 | _aAsbury, Stephen | ||
| 245 |
_aHealth and safety, environment and quality audits: _ba risk-based approach / _cStephen Asbury; Peter Ashwell |
||
| 260 |
_aAmsterdam ; Oxford : . _bButterworth-Heinemann, _c2007 |
||
| 300 | _axviii, 230 pages : illustrations ; 24 cm | ||
| 690 |
_2Compliance auditing. _aCompliance auditing. |
||
| 690 |
_2Auditing, Internal. _aAuditing, Internal. |
||
| 942 |
_2lcc _cBK |
||
| 999 |
_c362731 _d362731 |
||